THINKING through new literacies for primary and early years
Saved in:
| Hovedforfatter: | |
|---|---|
| Format: | Bog |
| Sprog: | engelsk |
| Udgivet: |
Sage Publications
2013.
|
| Tags: |
Tilføj Tag
Ingen Tags, Vær først til at tagge denne postø!
|
MARC
| LEADER | 00000nam a22000007a 4500 | ||
|---|---|---|---|
| 008 | 210827b ||||| |||| 00| 0 eng d | ||
| 020 | |a 978-0-85725-809-0 | ||
| 100 | |a edited by METCALFE, Jayne...[et. al.] | ||
| 245 | |a THINKING through new literacies for primary and early years |c Jayne Metcalfe… [et. al.]. |e (Thinking through education) |g vii, 179p. : ill. | ||
| 250 | |c Jayne Metcalfe… [et. al.]. | ||
| 260 | |b Sage Publications |c 2013. |h Los Angeles: |i 692543 |i 692544 |l LB1576 .T34 |m Literacy – Study and teaching (Elementary) Great Britain. | ||
| 500 | |a “It includes references and index” | ||
| 942 | |a lcc |c BK |e YUNUSA, A.A. |f 27/08/21 | ||
| 952 | |0 0 |1 0 |2 lcc |4 0 |6 LB1576 T34 |7 0 |9 3265 |a HOL |b ED |c LP |d 2021-08-27 |l 0 |o LB1576 .T34 |p 2021-66970 |r 2021-08-27 00:00:00 |w 2021-08-27 |y BK | ||
| 952 | |0 0 |1 0 |2 lcc |4 0 |6 LB1576 T34 |7 0 |9 3266 |a HOL |b HOL |c LP |d 2021-08-27 |l 0 |o LB1576 .T34 |p 2021-66971 |r 2021-08-27 00:00:00 |w 2021-08-27 |y BK | ||
| 999 | |c 1634 |d 1634 | ||